Statistiken für Afrikanische Länder - Geben Sie den ersten Buchstaben ein

Klicken Sie hier um das Quiz zu spielen!

Allgemein

  • Dieses Quiz wurde 120 mal gespielt
  • Das Durchschnittsergebnis liegt bei 37 aus 54

Antworten auf der Karte

Die Antworten werden auf der Karte rot bzw. grün angezeigt, abhängig davon wie oft sie richtig erraten wurden.
 

Antwortstatistiken

Land% Korrekt
Cabo Verde
77%
Gambia
77%
Niger
77%
Tunesien
77%
Äthiopien
74%
Mali
74%
Mauritius
74%
Zentralafrikanische Republik
74%
Äquatorial-Guinea
73%
Libyen
73%
Namibia
73%
Sambia
73%
Südafrika
73%
Tansania
73%
Eswatini
71%
Madagaskar
71%
Guinea
70%
Liberia
70%
Nigeria
70%
Seychellen
70%
Tschad
70%
Kongo
68%
Dschibuti
68%
Ghana
68%
Kamerun
68%
Lesotho
68%
Mauretanien
68%
Mosambik
68%
Simbabwe
68%
Togo
68%
Dem Rep Kongo
67%
Komoren
67%
Ruanda
67%
Somalia
67%
Sudan
67%
Ägypten
66%
Algerien
66%
Burundi
66%
Gabun
66%
Malawi
66%
Marokko
66%
Senegal
66%
Südsudan
66%
Botswana
64%
São Tomé und Príncipe
64%
Uganda
64%
Angola
63%
Eritrea
63%
Guinea-Bissau
63%
Kenia
63%
Benin
62%
Sierra Leone
62%
Côte d'Ivoire
60%
Burkina Faso
59%

Verteilung der Resultate

Perzentil nach korrekt beantworteten Fragen

Anzahl Personen mit jedem Resultat

Ihre Resultats-Entwicklung

Sie haben dieses Quiz noch nicht gespielt